[Event "EU-ch Online U16"]
[White "Cacaj, Skerdi"]
[Black "Dhaenens, Leon"]
[Site "Tornelo INT"]
[Round "8"]
[Result "0-1"]
[Date "2020.09.20"]
[WhiteElo "1322"]
[BlackElo "1663"]
[PlyCount "102"]
[EventDate "2020.09.18"]
[EventType "swiss (rapid)"]
[EventRounds "9"]
[EventCountry "NET"]
[SourceTitle "EXT 2023"]
[Source "ChessBase"]
[SourceDate "2022.10.05"]
[SourceVersion "1"]
[SourceVersionDate "2022.10.05"]
[SourceQuality "1"]
[WhiteTeam "Albania"]
[BlackTeam "Belgien"]
[WhiteTeamCountry "ALB"]
[BlackTeamCountry "BEL"]

1. e4 c5 2. Nf3 e6 3. d4 cxd4 4. Nxd4 a6 5. Nc3 Qc7 6. a3 Nf6 7. Bd3 b6 8. Bg5 Be7 9. 0-0 d6 10. h3 Nbd7 11. Qd2 Bb7 12. Rfe1 0-0 13. Nf3 Rac8 14. Qe2 b5 15. Na2 Nc5 16. Nd2 Rfd8 17. Rac1 Qd7 18. f3 Nh5 19. Bxe7 Qxe7 20. Nf1 Qg5 21. Kh1 e5 22. Nb4 Ne6 23. Qf2 Nhf4 24. Ne3 Rf8 25. Nf5 Rcd8 26. Red1 a5 27. Na2 Nxd3 28. Rxd3 d5 29. Ng3 Nf4 30. Rd2 d4 31. b4 a4 32. Rcd1 Rc8 33. Nc1 Rc3 34. Nd3 Rxa3 35. Nc5 Bc8 36. Nf5 Bxf5 37. exf5 Qxf5 38. Qe1 Qg5 39. Qe4 Re3 40. Qc6 Qg3 41. Qxb5 d3 42. cxd3 Ne2 43. Rxe2 Rxe2 44. Rg1 a3 45. Qa5 a2 46. Nb3 Re1 47. Na1 Rxg1+ 48. Kxg1 Qe1+ 49. Kh2 Qxa1 50. b5 Qb2 51. b6 a1Q 0-1

[Event "Ohrid Lasker U20 op"]
[White "Caku, Kler"]
[Black "Cacaj, Skerdi"]
[Site "Ohrid"]
[Round "7"]
[Result "0-1"]
[Date "2019.10.13"]
[WhiteElo "1155"]
[BlackElo "1279"]
[PlyCount "108"]
[EventDate "2019.10.10"]
[EventType "swiss"]
[EventRounds "7"]
[EventCountry "MKD"]
[SourceTitle "CBM 192 Extra"]
[Source "Chessbase"]
[SourceDate "2019.11.06"]
[SourceVersion "1"]
[SourceVersionDate "2019.11.06"]
[SourceQuality "1"]

1. e4 c5 2. Nf3 a6 3. d4 cxd4 4. Nxd4 Nf6 5. Nc3 e5 6. Nf3 Bb4 7. Bd3 Bxc3+ 8. bxc3 Qc7 9. Bd2 d6 10. h3 0-0 11. 0-0 h6 12. Re1 Be6 13. Qe2 Nbd7 14. c4 Rfc8 15. Bb4 a5 16. Ba3 Nb6 17. Nd2 Ne8 18. Rab1 Nxc4 19. Nxc4 Bxc4 20. Bxc4 Qxc4 21. Qxc4 Rxc4 22. Rxb7 Rxc2 23. Rb2 Rac8 24. Reb1 Rxb2 25. Rxb2 Rc1+ 26. Kh2 Rc3 27. Rb3 Rxb3 28. axb3 Kf8 29. Kg3 Ke7 30. f4 exf4+ 31. Kxf4 Nc7 32. e5 Nb5 33. Bb2 g6 34. exd6+ Kxd6 35. g4 Ke6 36. h4 f6 37. g5 hxg5+ 38. hxg5 f5 39. Bf6 Na7 40. Bc3 Nc6 41. Bb2 Kd5 42. Bc3 Nb4 43. Kf3 Nc6 44. Kf4 Kc5 45. Bd2 Kd4 46. Be1 Kd3 47. Kf3 Kc2 48. Bxa5 Nxa5 49. b4 Nc4 50. Kf4 Kd3 51. b5 Kd4 52. Kf3 Ke5 53. Kf2 Kf4 54. Kg2 Kxg5 0-1

[Event "Ohrid Lasker U20 op"]
[White "Spahiu, Mikael"]
[Black "Cacaj, Skerdi"]
[Site "Ohrid"]
[Round "5"]
[Result "1/2-1/2"]
[Date "2019.10.12"]
[WhiteElo "1196"]
[BlackElo "1279"]
[PlyCount "122"]
[EventDate "2019.10.10"]
[EventType "swiss"]
[EventRounds "7"]
[EventCountry "MKD"]
[SourceTitle "CBM 192 Extra"]
[Source "Chessbase"]
[SourceDate "2019.11.06"]
[SourceVersion "1"]
[SourceVersionDate "2019.11.06"]
[SourceQuality "1"]

1. d4 Nf6 2. c4 g6 3. Nc3 d5 4. Nf3 Bg4 5. h3 Bxf3 6. exf3 Bg7 7. Qb3 b6 8. cxd5 0-0 9. Bc4 a6 10. a4 Ne8 11. Be3 Nd6 12. Rc1 Nd7 13. 0-0 f5 14. Ne2 Nf6 15. Nf4 Qd7 16. Ne6 Rfc8 17. Rc2 Nxc4 18. Qxc4 Nxd5 19. Nxg7 Kxg7 20. Rfc1 f4 21. Bd2 Qd6 22. Qc6 Re8 23. Qxd6 exd6 24. Re1 Rxe1+ 25. Bxe1 Re8 26. Kf1 Kf6 27. Re2 Rxe2 28. Kxe2 Kf5 29. g4+ Kg5 30. Kd3 Nf6 31. Bd2 d5 32. h4+ Kxh4 33. Bxf4 c6 34. Bg3+ Kh3 35. b4 g5 36. Bc7 b5 37. axb5 axb5 38. Bd8 Nd7 39. Bxg5 Kg2 40. Ke3 Nb6 41. f4 Nc4+ 42. Ke2 Kh3 43. f3 Kg3 44. f5 Nd6 45. Be7 Nf7 46. g5 Kf4 47. g6 hxg6 48. fxg6 Nh6 49. Bf8 Ng8 50. g7 Nf6 51. Be7 Ng8 52. Bd6+ Kf5 53. Kf2 Kg6 54. Be5 Kf5 55. Kg3 Kg5 56. f4+ Kh5 57. f5 Kg5 58. f6 Kg6 59. Kf4 Nh6 60. Kg3 Nf5+ 61. Kf4 Nh6 1/2-1/2